Teaching business English /

This book is about: Introduction to business English; Analysing the needs of the learners; Activities and materials.

Gardado en:
Detalles Bibliográficos
Autor Principal: Ellis, Mark.
Outros autores: Johnson, Christine.
Formato: Libro
Idioma:English
Publicado: Oxford : Oxford University Press, 1994.
Những chủ đề:
Các nhãn: Engadir etiqueta
Sen Etiquetas, Sexa o primeiro en etiquetar este rexistro!
Thư viện lưu trữ: Mạng thư viện Đại học Đà Nẵng
LEADER 01044cam a2200349 i 4500
001 000048401
003 8117
005 20030307084042.0
008 010326|1994 vm 000 eng
020 |a 0194371670 
040 |a IRC  |c IRC  |d IRC 
041 0 |a eng 
082 1 4 |a 428.2407  |b EL-M 
100 1 |a Ellis, Mark. 
245 0 0 |a Teaching business English /  |c Mark Ellis and Christine Johnson. 
260 |a Oxford :  |b Oxford University Press,  |c 1994. 
300 |a xiv, 237 p. :  |b ill. ;  |c 24.5cm. 
520 3 |a This book is about: Introduction to business English; Analysing the needs of the learners; Activities and materials. 
630 0 4 |a English language. 
630 0 4 |a Business English. 
650 0 4 |a English language  |x Business English  |x Study and teaching. 
700 1 |a Johnson, Christine. 
OWN |a DUT 
999 |a From the UDN01 
TYP |a Monograph 
TYP |a Printed language 
980 |a Mạng thư viện Đại học Đà Nẵng